The ultimate baby book : a planner for pregnancy & birth
| Main Author: | |
|---|---|
| Format: | Book |
| Published: |
New York :
Exeter Books ,
1985
|
| Subjects: |
MARC
| LEADER | 00000cam a2200000 7i4500 | ||
|---|---|---|---|
| 001 | 0000009908 | ||
| 005 | 20120618.0 | ||
| 020 | |a 0671077791 | ||
| 090 | 0 | 0 | |a 618.24 |b VOS |
| 100 | 1 | |a Vos, Joan | |
| 245 | 1 | 4 | |a The ultimate baby book : |b a planner for pregnancy & birth |c Joan Vos |
| 260 | |a New York : |b Exeter Books , |c 1985 | ||
| 300 | |a 143p. : |b ill. ; |c 29cm. | ||
| 650 | 0 | 0 | |a Child birth |
| 650 | 0 | 0 | |a Pregnancy |
| 999 | |a 032250 |b BUKU |c PINJAMAN |e PERPUSTAKAAN KOMUNITI PETALING JAYA | ||
| 999 | |a 032251 |b BUKU |c PINJAMAN |e PERPUSTAKAAN KOMUNITI PETALING JAYA | ||